000 01257nam a2200325 c 4500
999 _c430794
_d430794
003 BLK
005 20211001150902.0
008 180409b bul|||||r ||||||| ||bul||
010 _aKNG00119401000
040 _aBLK
041 _aFRE
_cFRE
080 _b94/99
_x(075.3)
_z94/99(075.3)
100 _aWeber, Georges
_eпърви автор
_9435932
139 _aWeber, Georges
245 1 0 _aHistoire contemporaine 1830-1872
_cGeorges Weber
_nT. 2
257 _aFRA
260 _bA. Lacroix et C
_c1875
_9435934
_aParis
300 _a316 p.
_c18 cm
380 _a9
490 _9435080
_aКолекция Редки и ценни издания
650 4 _aИстория, нова - учебници за средни училища - на френски език
_9313112
653 _aнова история
653 _aфренски език
852 _aРф 875
942 _cKNG
_n0
_s1
944 _aCR
_c2021-09-01
_kBT
944 _aED
_c07.10.2010
_lф /
999 _d430794
999 _d113980